[Event "POL-ch Universities"]
[Site "Lublin"]
[Date "2024.02.24"]
[Round "5"]
[White "Niedbala, Bartlomiej"]
[Black "Karpus, Michal"]
[Result "0-1"]
[WhiteElo "2382"]
[BlackElo "2243"]
[PlyCount "153"]
[EventDate "2024.02.23"]
[EventType "swiss"]
[EventRounds "9"]
[EventCountry "POL"]
[SourceTitle "CB10_2024"]
[SourceDate "2024.03.06"]
[SourceVersion "1"]
[SourceVersionDate "2024.03.06"]
[SourceQuality "1"]

1. e4 e5 2. Nf3 Nc6 3. Bb5 a6 4. Ba4 Nf6 5. Nc3 b5 6. Bb3 Be7 7. a4 Rb8 8. axb5 axb5 9. 0-0 0-0 10. d3 d6 11. h3 Be6 12. Nd5 Bxd5 13. exd5 Nb4 14. c4 Nxd3 15. Qxd3 e4 16. Qd1 exf3 17. Qxf3 bxc4 18. Bxc4 Nd7 19. Qd1 Bf6 20. Qc2 Re8 21. Rb1 Nb6 22. Bb3 Qd7 23. Qd3 Re5 24. Bf4 Qf5 25. Qd2 Re4 26. Be3 Nc4 27. Bxc4 Rxc4 28. Rfc1 Rcb4 29. Rc2 h5 30. Qd1 Rxb2 31. Rbxb2 Rxb2 32. Rxc7 Rb1 33. Rc8+ Kh7 34. Rc1 Rxc1 35. Bxc1 h4 36. Be3 Be5 37. Kf1 Kg8 38. Ke2 Qe4 39. Kf1 Qc4+ 40. Kg1 g6 41. Bg5 Kg7 42. Be3 Qe4 43. Qb3 Kf6 44. Qb8 Qxd5 45. Qh8+ Ke7 46. Qxh4+ Bf6 47. Qa4 Be5 48. g3 Qd3 49. Kg2 Ke6 50. Qe8+ Kf6 51. Qh8+ Ke7 52. Bg5+ Kd7 53. Qd8+ Kc6 54. Qe8+ Kc5 55. Qxf7 Bd4 56. Qc7+ Kd5 57. Qf7+ Kc5 58. Qc7+ Kd5 59. Qb7+ Kc5 60. Qc8+ Kd5 61. Qg8+ Kc5 62. Qf7 Qe2 63. Bh6 Qe4+ 64. Qf3 Qc2 65. Qf8 Qe4+ 66. Kh2 Qe2 67. Kg2 Qe4+ 68. Qf3 Qc2 69. h4 d5 70. Bf8+ Kc4 71. Qf7 Qe4+ 72. Kh2 Kd3 73. Bh6 Ke2 74. Qb7 Kxf2 75. Qf7+ Qf3 76. Qxf3+ Kxf3 77. Bf8 0-1

[Event "POL-chT 2nd League"]
[Site "Jastrzebia Gora"]
[Date "2023.09.05"]
[Round "4.19"]
[White "Karpus, Michal"]
[Black "Klepek, Witold"]
[Result "1-0"]
[WhiteElo "2246"]
[BlackElo "2299"]
[PlyCount "31"]
[EventDate "2023.09.02"]
[EventType "team-swiss"]
[EventRounds "9"]
[EventCountry "POL"]
[SourceTitle "EXT 2024"]
[Source "ChessBase"]
[SourceDate "2023.10.10"]
[SourceVersion "1"]
[SourceVersionDate "2023.10.10"]
[SourceQuality "1"]
[WhiteTeam "Grudziadz Rotmistrz"]
[BlackTeam "Krakow AGH"]
[WhiteTeamCountry "POL"]
[BlackTeamCountry "POL"]

1. e4 c5 2. Nf3 e6 3. d4 cxd4 4. Nxd4 Nf6 5. Nc3 Nc6 6. Ndb5 d6 7. Bf4 e5 8. Bg5 a6 9. Na3 b5 10. Bxf6 gxf6 11. Nd5 Bg7 12. Bd3 Ne7 13. Nxe7 Qxe7 14. c4 f5 15. 0-0 0-0 16. Qh5 1-0

[Event "Suwalki Warakomska Memorial 7th"]
[Site "Suwalki"]
[Date "2023.08.12"]
[Round "7"]
[White "Karolczuk, Iwo"]
[Black "Karpus, Michal"]
[Result "1-0"]
[WhiteElo "2324"]
[BlackElo "2224"]
[PlyCount "103"]
[EventDate "2023.08.07"]
[EventType "swiss"]
[EventRounds "9"]
[EventCountry "POL"]
[SourceTitle "CBM 215 Extra"]
[Source "ChessBase"]
[SourceDate "2023.09.30"]
[SourceVersion "1"]
[SourceVersionDate "2023.09.30"]
[SourceQuality "1"]

1. d4 Nf6 2. c4 e6 3. g3 g6 4. Bg2 d5 5. Nf3 Bg7 6. 0-0 0-0 7. Nc3 Nbd7 8. Qb3 c6 9. Bf4 a5 10. Rfd1 a4 11. Qb4 Qa5 12. Qxa5 Rxa5 13. c5 Ra8 14. Bd6 Re8 15. b3 axb3 16. axb3 Rxa1 17. Rxa1 b6 18. cxb6 Nxb6 19. Ne5 Bb7 20. Ra7 Nc8 21. Rxb7 Nxd6 22. Rb6 Nf5 23. e3 Ne7 24. Na4 Rc8 25. Bf1 Ne8 26. Ba6 Bxe5 27. dxe5 Ra8 28. Bb7 Rb8 29. Nc5 Nc7 30. Nd7 Rd8 31. Bxc6 d4 32. exd4 Nxc6 33. Nf6+ Kg7 34. Rxc6 Nb5 35. Rb6 Nxd4 36. Kg2 Rc8 37. b4 Rc4 38. Rb8 Nc6 39. Rg8+ Kh6 40. f4 Ne7 41. Ng4+ Kh5 42. Nf6+ Kh6 43. Re8 Nd5 44. Nxd5 exd5 45. Re7 Kg7 46. b5 Rb4 47. Rb7 Kf8 48. Kf3 Rb3+ 49. Kg4 h6 50. Rb8+ Ke7 51. Rb7+ Kf8 52. Rb8+ 1-0

[Event "Suwalki Warakomska Memorial 7th"]
[Site "Suwalki"]
[Date "2023.08.11"]
[Round "6"]
[White "Karpus, Michal"]
[Black "Karut, Kacper"]
[Result "1-0"]
[WhiteElo "2224"]
[BlackElo "2125"]
[PlyCount "49"]
[EventDate "2023.08.07"]
[EventType "swiss"]
[EventRounds "9"]
[EventCountry "POL"]
[SourceTitle "CBM 215 Extra"]
[Source "ChessBase"]
[SourceDate "2023.09.30"]
[SourceVersion "1"]
[SourceVersionDate "2023.09.30"]
[SourceQuality "1"]

1. e4 c5 2. Nf3 Nc6 3. d4 cxd4 4. Nxd4 Nf6 5. Nc3 d6 6. Bg5 e6 7. Qd2 a6 8. 0-0-0 Bd7 9. f4 b5 10. Bxf6 gxf6 11. f5 b4 12. Nce2 Qb6 13. fxe6 fxe6 14. Nxc6 Bxc6 15. Nd4 Bd7 16. Bc4 h5 17. Kb1 e5 18. Nb3 Bc6 19. Rhf1 Be7 20. Rxf6 Bxe4 21. Re6 Rc8 22. Bd3 Bxd3 23. Qxd3 Rc6 24. Qg6+ Kd7 25. Rxe7+ 1-0

[Event "Suwalki Warakomska Memorial 7th"]
[Site "Suwalki"]
[Date "2023.08.09"]
[Round "4"]
[White "Karpus, Michal"]
[Black "Wojdak, Jan"]
[Result "1/2-1/2"]
[WhiteElo "2224"]
[BlackElo "2173"]
[PlyCount "92"]
[EventDate "2023.08.07"]
[EventType "swiss"]
[EventRounds "9"]
[EventCountry "POL"]
[SourceTitle "CBM 215 Extra"]
[Source "ChessBase"]
[SourceDate "2023.09.30"]
[SourceVersion "1"]
[SourceVersionDate "2023.09.30"]
[SourceQuality "1"]

1. e4 c6 2. d4 d5 3. Nc3 h6 4. Nf3 dxe4 5. Nxe4 Bf5 6. Nc5 b6 7. Nd3 e6 8. Be2 Nd7 9. b3 Ngf6 10. Bb2 Bd6 11. 0-0 0-0 12. c4 Qc7 13. h3 Rad8 14. Qc1 c5 15. Rd1 Bxd3 16. Bxd3 e5 17. dxc5 Bxc5 18. Qc2 Rfe8 19. Re1 Bb4 20. Re2 Nh5 21. Bh7+ Kh8 22. Bf5 Nf4 23. Re4 f6 24. a3 Bd6 25. g3 Nd5 26. b4 Ne7 27. Be6 a5 28. Rh4 Nf8 29. Bf7 Nf5 30. Bxe8 Nxh4 31. Nxh4 Rxe8 32. Qa4 Rd8 33. Rc1 axb4 34. axb4 e4 35. Nf5 Be5 36. Bxe5 Qxe5 37. Ne3 Ne6 38. Rd1 Nd4 39. Kg2 Qc7 40. Qa1 Ne6 41. Rxd8+ Qxd8 42. Qa6 Ng5 43. Qb7 Qd3 44. Qxb6 Nf3 45. Qb8+ Kh7 46. Qf4 Ne1+ 1/2-1/2

[Event "Suwalki Warakomska Memorial 7th"]
[Site "Suwalki"]
[Date "2023.08.09"]
[Round "3"]
[White "Makhija, Aashna"]
[Black "Karpus, Michal"]
[Result "1/2-1/2"]
[WhiteElo "2141"]
[BlackElo "2224"]
[PlyCount "48"]
[EventDate "2023.08.07"]
[EventType "swiss"]
[EventRounds "9"]
[EventCountry "POL"]
[SourceTitle "CBM 215 Extra"]
[Source "ChessBase"]
[SourceDate "2023.09.30"]
[SourceVersion "1"]
[SourceVersionDate "2023.09.30"]
[SourceQuality "1"]

1. e4 e5 2. Nf3 Nc6 3. Bb5 a6 4. Ba4 Nf6 5. 0-0 Be7 6. d3 b5 7. Bb3 d6 8. a3 0-0 9. Nc3 Na5 10. Ba2 Be6 11. b4 Bxa2 12. Rxa2 Nc6 13. Bg5 Nd4 14. a4 Ne6 15. Bxf6 Bxf6 16. axb5 axb5 17. Rxa8 Qxa8 18. Nxb5 Qb8 19. Nc3 Qxb4 20. Nd5 Qb8 21. Nxf6+ gxf6 22. Nh4 Kh8 23. Qh5 Qd8 24. g3 d5 1/2-1/2

[Event "Warsaw Najdorf Memorial op-A"]
[Site "Warsaw"]
[Date "2023.07.17"]
[Round "7"]
[White "Janeczko, Jakub"]
[Black "Karpus, Michal"]
[Result "1/2-1/2"]
[WhiteElo "2085"]
[BlackElo "2212"]
[PlyCount "44"]
[EventDate "2023.07.11"]
[EventType "swiss"]
[EventRounds "9"]
[EventCountry "POL"]
[SourceTitle "EXT 2024"]
[Source "ChessBase"]
[SourceDate "2023.10.10"]
[SourceVersion "1"]
[SourceVersionDate "2023.10.10"]
[SourceQuality "1"]

1. e4 e5 2. Nf3 Nc6 3. Bc4 Bc5 4. c3 Nf6 5. d4 exd4 6. b4 Bb6 7. e5 d5 8. exf6 dxc4 9. Qe2+ Be6 10. b5 Na5 11. fxg7 Rg8 12. 0-0 Rxg7 13. Qe5 Rg8 14. Bg5 Qd6 15. Qf6 c6 16. Nbd2 Bd8 17. Ne4 Bxf6 18. Nxd6+ Ke7 19. Bxf6+ Kxf6 20. Ne4+ Ke7 21. Nxd4 cxb5 22. Nxb5 Nc6 1/2-1/2

[Event "Warsaw Najdorf Memorial op-A"]
[Site "Warsaw"]
[Date "2023.07.13"]
[Round "3"]
[White "Karpus, Michal"]
[Black "Majek, Kacper"]
[Result "1-0"]
[WhiteElo "2212"]
[BlackElo "2090"]
[PlyCount "85"]
[EventDate "2023.07.11"]
[EventType "swiss"]
[EventRounds "9"]
[EventCountry "POL"]
[SourceTitle "EXT 2024"]
[Source "ChessBase"]
[SourceDate "2023.10.10"]
[SourceVersion "1"]
[SourceVersionDate "2023.10.10"]
[SourceQuality "1"]

1. e4 e5 2. f4 d5 3. exd5 exf4 4. Nf3 Nf6 5. Bb5+ c6 6. dxc6 Nxc6 7. d4 Bd6 8. 0-0 0-0 9. Nbd2 Re8 10. c3 Bc7 11. Bd3 Bg4 12. Re1 Qd5 13. Qb3 Rxe1+ 14. Nxe1 Qd7 15. Qxb7 Rb8 16. Qa6 Nxd4 17. cxd4 Qxd4+ 18. Kh1 Qf2 19. Ndf3 Rb6 20. Qxa7 Nh5 21. Be3 Qxe3 22. Qxc7 g6 23. Qd8+ Kg7 24. Qd4+ Qxd4 25. Nxd4 Rxb2 26. a4 Bc8 27. a5 Nf6 28. a6 Ng4 29. Kg1 Nf2 30. Be2 Ne4 31. Bf3 f5 32. a7 Bb7 33. a8Q Bxa8 34. Rxa8 Rb1 35. Ndc2 g5 36. Ra1 Rb2 37. Nd4 Kf6 38. Ra6+ Kf7 39. Nxf5 Nf6 40. Nd3 Rb1+ 41. Kf2 Nd7 42. Bh5+ Kf8 43. Ra7 1-0

[Event "Warsaw Najdorf Memorial op-A"]
[Site "Warsaw"]
[Date "2023.07.12"]
[Round "2"]
[White "Rozentalis, Eduardas"]
[Black "Karpus, Michal"]
[Result "1-0"]
[WhiteElo "2496"]
[BlackElo "2212"]
[PlyCount "45"]
[EventDate "2023.07.11"]
[EventType "swiss"]
[EventRounds "9"]
[EventCountry "POL"]
[SourceTitle "EXT 2024"]
[Source "ChessBase"]
[SourceDate "2023.10.10"]
[SourceVersion "1"]
[SourceVersionDate "2023.10.10"]
[SourceQuality "1"]

1. e4 e6 2. d4 d5 3. Nd2 Nf6 4. e5 Nfd7 5. Bd3 c5 6. c3 Nc6 7. Ne2 cxd4 8. cxd4 f6 9. exf6 Nxf6 10. Nf3 Bd6 11. 0-0 Qc7 12. Bd2 0-0 13. Rc1 a6 14. g3 Nh5 15. Nc3 g6 16. Bh6 Rf6 17. Re1 Ng7 18. Ne5 Qb6 19. Na4 Qxd4 20. Ng4 Rf8 21. Be3 Qb4 22. a3 Qa5 23. Bb6 1-0

[Event "Warsaw Najdorf Memorial op-A"]
[Site "Warsaw"]
[Date "2023.07.11"]
[Round "1"]
[White "Karpus, Michal"]
[Black "Biesiadecki, Adam"]
[Result "1-0"]
[WhiteElo "2212"]
[BlackElo "2015"]
[PlyCount "65"]
[EventDate "2023.07.11"]
[EventType "swiss"]
[EventRounds "9"]
[EventCountry "POL"]
[SourceTitle "EXT 2024"]
[Source "ChessBase"]
[SourceDate "2023.10.10"]
[SourceVersion "1"]
[SourceVersionDate "2023.10.10"]
[SourceQuality "1"]

1. e4 e5 2. f4 d5 3. exd5 exf4 4. Nf3 Nf6 5. Bb5+ Nbd7 6. c4 Qe7+ 7. Qe2 a6 8. Bxd7+ Bxd7 9. d4 Qxe2+ 10. Kxe2 Nh5 11. Nc3 Bb4 12. Ne5 Bxc3 13. bxc3 f6 14. Nxd7 Kxd7 15. Kf3 g5 16. g3 f5 17. Rb1 g4+ 18. Kf2 f3 19. Rxb7 Rae8 20. Be3 f4 21. gxf4 Re7 22. c5 Rhe8 23. d6 Rxe3 24. Rxc7+ Ke6 25. Kxe3 Kd5+ 26. Kd2 Re2+ 27. Kd1 Kc4 28. d7 Kxc3 29. Re1 Rd2+ 30. Kc1 Re2 31. Rd1 f2 32. d8Q Re1 33. Qe7 1-0

[Event "Warsaw Maciei Memorial"]
[Site "Warsaw"]
[Date "2023.07.10"]
[Round "6"]
[White "Kanarek, Marcel"]
[Black "Karpus, Michal"]
[Result "0-1"]
[WhiteElo "2503"]
[BlackElo "2212"]
[PlyCount "62"]
[EventDate "2023.07.10"]
[EventType "swiss (blitz)"]
[EventRounds "11"]
[EventCountry "POL"]
[SourceTitle "CBM 215 Extra"]
[Source "ChessBase"]
[SourceDate "2023.09.30"]
[SourceVersion "1"]
[SourceVersionDate "2023.09.30"]
[SourceQuality "1"]

1. e4 e6 2. d4 d5 3. Nc3 Nf6 4. Bg5 Bb4 5. e5 h6 6. Be3 Ne4 7. Qg4 Bxc3+ 8. bxc3 g6 9. Bd3 Nxc3 10. Ne2 Nxe2 11. Qxe2 c5 12. dxc5 d4 13. Bd2 Nd7 14. 0-0 Nxc5 15. Rab1 b6 16. Qg4 Bb7 17. Rb4 Qd5 18. Rxd4 Qxe5 19. Bc3 Qg5 20. Qh3 e5 21. Rg4 Qe7 22. Re1 Nd7 23. Bb5 0-0-0 24. Rc4+ Kb8 25. Bxd7 Rxd7 26. Bxe5+ Ka8 27. Bc3 Re8 28. f3 Qd8 29. Rxe8 Qxe8 30. Rd4 Rxd4 31. Bxd4 Qe1# 0-1

[Event "Bydgoszcz op-A"]
[Site "Bydgoszcz"]
[Date "2023.06.27"]
[Round "4"]
[White "Diachek, Andriy"]
[Black "Karpus, Michal"]
[Result "0-1"]
[WhiteElo "2106"]
[BlackElo "2212"]
[PlyCount "70"]
[EventDate "2023.06.24"]
[EventType "swiss"]
[EventRounds "9"]
[EventCountry "POL"]
[SourceTitle "CBM 215 Extra"]
[Source "ChessBase"]
[SourceDate "2023.09.30"]
[SourceVersion "1"]
[SourceVersionDate "2023.09.30"]
[SourceQuality "1"]

1. e4 e6 2. d4 d5 3. Nd2 Nf6 4. e5 Nfd7 5. Bd3 c5 6. c3 Nc6 7. Ne2 cxd4 8. cxd4 f6 9. exf6 Nxf6 10. Nf3 Bd6 11. 0-0 Qc7 12. Bg5 0-0 13. Rc1 Nh5 14. Bb1 Bd7 15. Qd3 g6 16. a3 Rf7 17. Ng3 Nf4 18. Qe3 Raf8 19. Bh6 Nxg2 20. Kxg2 Rxf3 21. Bxf8 Rxf8 22. Qd3 Qb6 23. Rcd1 Qxb2 24. h4 Qxa3 25. h5 Qxd3 26. Bxd3 g5 27. h6 Nxd4 28. Bxh7+ Kxh7 29. Rxd4 Kxh6 30. Ne2 Bb5 31. Rh1+ Kg6 32. Nc3 Bc6 33. f3 Be5 34. Rd3 Bxc3 35. Rxc3 d4 0-1

[Event "POL-ch Universities"]
[Site "Bydgoszcz"]
[Date "2023.03.10"]
[Round "1"]
[White "Guzik, Kacper"]
[Black "Karpus, Michal"]
[Result "0-1"]
[WhiteElo "1384"]
[BlackElo "2212"]
[PlyCount "102"]
[EventDate "2023.03.10"]
[EventType "swiss"]
[EventRounds "9"]
[EventCountry "POL"]
[SourceTitle "CBM 213 Extra"]
[Source "ChessBase"]
[SourceDate "2023.05.31"]
[SourceVersion "1"]
[SourceVersionDate "2023.05.31"]
[SourceQuality "1"]

1. e4 e5 2. Nf3 Nc6 3. Bc4 Nf6 4. Ng5 d5 5. exd5 Na5 6. Bb5+ c6 7. dxc6 bxc6 8. Qf3 Be7 9. Bxc6+ Nxc6 10. Qxc6+ Bd7 11. Qc4 0-0 12. Nc3 Rc8 13. Qe2 Bc6 14. 0-0 h6 15. Nf3 e4 16. Ne5 Ba8 17. Ng4 Nxg4 18. Qxg4 f5 19. Qe2 f4 20. Nxe4 f3 21. Qe3 fxg2 22. Re1 Bxe4 23. Qxe4 Bh4 24. Re2 Qf6 25. Qxg2 Rxc2 26. Rb1 Rfc8 27. Re1 Qf5 28. b3 R8c6 29. Kh1 Rg6 30. Qe4 Qxe4+ 31. Rxe4 Bxf2 32. Bb2 Rxd2 33. a4 Bb6 34. Bc3 Rc2 35. Bd4 Rgg2 36. Bxb6 Rxh2+ 37. Kg1 axb6 38. Re6 Rcg2+ 39. Kf1 Ra2 40. Kg1 Rhg2+ 41. Kf1 Raf2+ 42. Ke1 Rf3 43. Rxb6 h5 44. a5 Rf5 45. Rd1 Rg1+ 46. Ke2 Re5+ 47. Kd3 Rxd1+ 48. Kc4 Rxa5 49. b4 Rf5 50. Re6 Rc1+ 51. Kb3 h4 0-1

[Event "POL-ch Universities"]
[Site "Bydgoszcz"]
[Date "2023.03.10"]
[Round "2"]
[White "Karpus, Michal"]
[Black "Gawor, Jan Pawel"]
[Result "1-0"]
[WhiteElo "2212"]
[BlackElo "1892"]
[PlyCount "53"]
[EventDate "2023.03.10"]
[EventType "swiss"]
[EventRounds "9"]
[EventCountry "POL"]
[SourceTitle "CBM 213 Extra"]
[Source "ChessBase"]
[SourceDate "2023.05.31"]
[SourceVersion "1"]
[SourceVersionDate "2023.05.31"]
[SourceQuality "1"]

1. e4 c5 2. Nf3 Nc6 3. d4 cxd4 4. Nxd4 Nf6 5. Nc3 e5 6. Ndb5 d6 7. Bg5 a6 8. Na3 b5 9. Bxf6 gxf6 10. Nd5 Bg7 11. Bd3 Ne7 12. Nxe7 Qxe7 13. c4 0-0 14. 0-0 b4 15. Nc2 a5 16. Ne3 Be6 17. Qh5 Rac8 18. Be2 Rc5 19. Bg4 Qd7 20. Bf5 Bxf5 21. Nxf5 Kh8 22. b3 Rg8 23. Rad1 Rc6 24. Rd3 a4 25. Rh3 h6 26. Qxh6+ Bxh6 27. Rxh6# 1-0

[Event "EU-ch Rapid"]
[Site "Katowice"]
[Date "2022.12.17"]
[Round "3"]
[White "Azarov, Sergei Nikolaevich"]
[Black "Karpus, Michal"]
[Result "1-0"]
[WhiteElo "2562"]
[BlackElo "2212"]
[PlyCount "53"]
[EventDate "2022.12.17"]
[EventType "swiss (rapid)"]
[EventRounds "11"]
[EventCountry "POL"]
[SourceTitle "CBM 211 Extra"]
[Source "ChessBase"]
[SourceDate "2023.01.31"]
[SourceVersion "1"]
[SourceVersionDate "2023.01.31"]
[SourceQuality "1"]

1. e4 e5 2. Nf3 Nc6 3. Bc4 Nf6 4. d3 h6 5. 0-0 d6 6. c3 g5 7. Re1 Bg7 8. Na3 0-0 9. Nc2 Ne7 10. Ne3 Ng6 11. a4 c6 12. Bb3 Be6 13. Qc2 Qd7 14. a5 Nf4 15. Ba2 Bg4 16. Nxg4 Qxg4 17. Bxf4 Qxf4 18. d4 Rfe8 19. dxe5 dxe5 20. Rad1 Rad8 21. h3 Nd7 22. a6 bxa6 23. Qa4 Nc5 24. Rxd8 Rxd8 25. Qa5 Nb7 26. Qc7 Bf8 27. Qxb7 1-0

[Event "POL-ch blitz"]
[Site "Suwalki"]
[Date "2022.09.24"]
[Round "11"]
[White "Kaminski, Maciej1111"]
[Black "Karpus, Michal"]
[Result "0-1"]
[WhiteElo "1905"]
[BlackElo "2207"]
[PlyCount "98"]
[EventDate "2022.09.24"]
[EventType "swiss (blitz)"]
[EventRounds "15"]
[EventCountry "POL"]
[SourceTitle "CBM 210 Extra"]
[Source "ChessBase"]
[SourceDate "2022.11.30"]
[SourceVersion "1"]
[SourceVersionDate "2022.11.30"]
[SourceQuality "1"]

1. e4 e5 2. Nf3 Nc6 3. Bb5 a6 4. Ba4 Nf6 5. 0-0 Be7 6. d3 b5 7. Bb3 d6 8. a3 0-0 9. Nc3 Bg4 10. h3 Bh5 11. Be3 Nd4 12. Bxd4 exd4 13. Nd5 Bxf3 14. Qxf3 Nd7 15. Qe2 c6 16. Nxe7+ Qxe7 17. f4 Nc5 18. Ba2 Na4 19. Rab1 Kh8 20. f5 f6 21. Rf4 d5 22. Rh4 Nb6 23. Qf3 Rad8 24. Re1 c5 25. Qf2 Rfe8 26. Kf1 Qe5 27. exd5 Qh2 28. Rxe8+ Rxe8 29. Rxh7+ Kxh7 30. Qh4+ Kg8 31. d6+ c4 32. Qxd4 Qh1+ 33. Kf2 Qe1+ 34. Kf3 Qe2+ 35. Kg3 Qe5+ 36. Qxe5 Rxe5 37. dxc4 bxc4 38. Kf4 Rd5 39. a4 Rxd6 40. a5 Nd5+ 41. Ke4 Kf8 42. Bxc4 Nc7 43. b4 Rd2 44. Bxa6 Nxa6 45. b5 Nc5+ 46. Ke3 Rxc2 47. a6 Ke7 48. Kd4 Kd6 49. b6 Nxa6 0-1

[Event "POL-chT 2nd League"]
[Site "Jastrzebia Gora"]
[Date "2022.09.06"]
[Round "4.2"]
[White "Karpus, Michal"]
[Black "Czarnota, Pawel"]
[Result "0-1"]
[WhiteElo "2207"]
[BlackElo "2505"]
[PlyCount "96"]
[EventDate "2022.09.03"]
[EventType "team-swiss"]
[EventRounds "9"]
[EventCountry "POL"]
[SourceTitle "CBM 210 Extra"]
[Source "ChessBase"]
[SourceDate "2022.11.30"]
[SourceVersion "1"]
[SourceVersionDate "2022.11.30"]
[SourceQuality "1"]
[WhiteTeam "Grudziadz Rotmistrz"]
[BlackTeam "Bydgoszcz Energia Gwiazda"]
[WhiteTeamCountry "POL"]
[BlackTeamCountry "POL"]

1. e4 c5 2. Nf3 d6 3. d4 cxd4 4. Nxd4 Nf6 5. Nc3 Nc6 6. Bg5 e6 7. Qd2 a6 8. 0-0-0 Bd7 9. f4 b5 10. Bxf6 gxf6 11. Kb1 Qb6 12. Nxc6 Bxc6 13. f5 h5 14. fxe6 fxe6 15. Qf4 Qc5 16. Qxf6 Qe5 17. Qxe5 dxe5 18. Bd3 Bc5 19. Ne2 Ke7 20. Ng1 Rag8 21. Nf3 Rxg2 22. Nxe5 Be8 23. Bf1 Rg5 24. Nf3 Rg4 25. Bh3 Rxe4 26. Rhe1 Rxe1 27. Rxe1 Rh6 28. c3 Bc6 29. Nd4 Bxd4 30. cxd4 Bd5 31. Kc2 Kd6 32. a3 Rh8 33. Kd2 a5 34. Bf1 b4 35. axb4 axb4 36. Be2 h4 37. Rf1 Rg8 38. Rf4 Rg2 39. Ke3 Rxh2 40. Rg4 Rh1 41. Rf4 h3 42. Rh4 h2 43. Rh7 b3 44. Rh8 Kc7 45. Rh7+ Kb6 46. Kd2 Rb1 47. Rxh2 Rxb2+ 48. Kd1 Rxe2 0-1

[Event "POL-chT 2nd League"]
[Site "Jastrzebia Gora"]
[Date "2022.09.04"]
[Round "2.20"]
[White "Karpus, Michal"]
[Black "Mika, Tomasz"]
[Result "1-0"]
[WhiteElo "2207"]
[BlackElo "1991"]
[PlyCount "113"]
[EventDate "2022.09.03"]
[EventType "team-swiss"]
[EventRounds "9"]
[EventCountry "POL"]
[SourceTitle "CBM 210 Extra"]
[Source "ChessBase"]
[SourceDate "2022.11.30"]
[SourceVersion "1"]
[SourceVersionDate "2022.11.30"]
[SourceQuality "1"]
[WhiteTeam "Grudziadz Rotmistrz"]
[BlackTeam "Krakow Cracovia"]
[WhiteTeamCountry "POL"]
[BlackTeamCountry "POL"]

1. e4 c6 2. d4 d5 3. Nc3 dxe4 4. Nxe4 Bf5 5. Ng3 Bg6 6. h4 h6 7. Nf3 Nd7 8. h5 Bh7 9. Bd3 Bxd3 10. Qxd3 e6 11. Bd2 Ngf6 12. 0-0-0 Be7 13. Kb1 0-0 14. Ne4 c5 15. g4 Nxg4 16. Qe2 Qb6 17. Nh4 f5 18. Ng6 Rf7 19. f3 Ngf6 20. Nxe7+ Rxe7 21. dxc5 Qc6 22. Nxf6+ Nxf6 23. Qg2 Kh8 24. Qg6 Qe8 25. Bc3 Qxg6 26. hxg6 e5 27. Rh4 f4 28. b4 Rae8 29. Kb2 Re6 30. a4 Ng8 31. Rh5 e4 32. fxe4 Rxg6 33. Rf5 Nf6 34. e5 Ne4 35. Rd7 a5 36. Rxb7 axb4 37. Rxb4 Nxc5 38. Rfxf4 Rg2 39. Rfd4 Re2 40. Rbc4 Ne6 41. Re4 Rxe4 42. Rxe4 g5 43. a5 h5 44. Rb4 Kg7 45. Be1 h4 46. Rb7+ Kg6 47. a6 h3 48. Bg3 Kf5 49. a7 Ra8 50. Bf2 g4 51. Rb8 Nc7 52. Rxa8 Nxa8 53. Bg3 Ke6 54. Kc3 Kd7 55. Kd4 Kc6 56. e6 Nb6 57. c4 1-0

[Event "POL-chT Academic"]
[Site "Chorzow"]
[Date "2022.04.03"]
[Round "6.1"]
[White "Karpus, Michal"]
[Black "Janik, Igor"]
[Result "0-1"]
[WhiteElo "2238"]
[BlackElo "2386"]
[PlyCount "80"]
[EventDate "2022.04.02"]
[EventType "team-swiss (rapid)"]
[EventRounds "9"]
[EventCountry "POL"]
[SourceTitle "EXT 2024"]
[Source "ChessBase"]
[SourceDate "2023.10.10"]
[SourceVersion "1"]
[SourceVersionDate "2023.10.10"]
[SourceQuality "1"]

1. e4 c6 2. d4 d5 3. Nc3 a6 4. Nf3 Bg4 5. Be2 e6 6. h3 Bh5 7. Bf4 Nf6 8. e5 Nfd7 9. Qd2 c5 10. g4 Bg6 11. h4 h5 12. dxc5 Bxc5 13. Ng5 Nc6 14. gxh5 Bxh5 15. 0-0-0 Bxe2 16. Qxe2 Bd4 17. Nxd5 Qa5 18. Kb1 Qxd5 19. c3 Ndxe5 20. cxd4 Ng6 21. Be3 Nb4 22. b3 Qf5+ 23. Kb2 Rc8 24. Rd2 Nd5 25. Qf3 f6 26. Qxf5 exf5 27. Ne6 Kf7 28. Rg1 f4 29. Rxg6 Kxe6 30. Rxg7 fxe3 31. fxe3 Rxh4 32. Rxb7 Re4 33. Ra7 Rc6 34. Rh2 Rxe3 35. Rhh7 Re2+ 36. Ka3 Rd2 37. Rh8 Nc3 38. d5+ Rxd5 39. Re8+ Kf5 40. b4 Nb5+ 0-1

[Event "POL-chT Academic"]
[Site "Chorzow"]
[Date "2022.04.03"]
[Round "8.7"]
[White "Karpus, Michal"]
[Black "Lukasiewicz, Krzysztof"]
[Result "0-1"]
[WhiteElo "2238"]
[BlackElo "1966"]
[PlyCount "87"]
[EventDate "2022.04.02"]
[EventType "team-swiss (rapid)"]
[EventRounds "9"]
[EventCountry "POL"]
[SourceTitle "EXT 2024"]
[Source "ChessBase"]
[SourceDate "2023.10.10"]
[SourceVersion "1"]
[SourceVersionDate "2023.10.10"]
[SourceQuality "1"]

1. e4 c6 2. d4 d5 3. Nc3 dxe4 4. Nxe4 Bf5 5. Ng3 Bg6 6. c3 Nd7 7. Nh3 Ngf6 8. Bc4 e6 9. Nf4 Qc7 10. h4 e5 11. Nxg6 hxg6 12. dxe5 Nxe5 13. Be2 Bd6 14. Bg5 0-0-0 15. Qc2 Bc5 16. Rd1 Rxd1+ 17. Bxd1 Neg4 18. Bxg4+ Nxg4 19. Ne4 Re8 20. f3 Qg3+ 21. Kd1 Rxe4 22. fxg4 Qxg4+ 23. Kc1 f6 24. Bd2 Qxg2 25. Rd1 Rxh4 26. Qd3 Qe4 27. Qg3 g5 28. Re1 Rh1 29. Rxh1 Qxh1+ 30. Kc2 Qe4+ 31. Kc1 Qe2 32. Qh3+ Kc7 33. Qh7 Be3 34. Qxg7+ Kb6 35. Bxe3+ Qxe3+ 36. Kc2 Qf2+ 37. Kc1 Qf4+ 38. Kc2 g4 39. Qd7 g3 40. Qd8+ Ka6 41. Qd3+ b5 42. Qd7 Qe4+ 43. Kc1 g2 44. Qd8 0-1

[Event "POL-chT Academic"]
[Site "Chorzow"]
[Date "2022.04.02"]
[Round "4.7"]
[White "Cukrowski, Filip"]
[Black "Karpus, Michal"]
[Result "1-0"]
[WhiteElo "2199"]
[BlackElo "2238"]
[PlyCount "51"]
[EventDate "2022.04.02"]
[EventType "team-swiss (rapid)"]
[EventRounds "9"]
[EventCountry "POL"]
[SourceTitle "EXT 2024"]
[Source "ChessBase"]
[SourceDate "2023.10.10"]
[SourceVersion "1"]
[SourceVersionDate "2023.10.10"]
[SourceQuality "1"]

1. d4 Nf6 2. c4 e6 3. g3 d5 4. Nf3 g6 5. Bg2 Bg7 6. Nc3 0-0 7. 0-0 b6 8. cxd5 exd5 9. Bf4 Bb7 10. Rc1 Na6 11. Nb5 c5 12. dxc5 bxc5 13. Nd6 Bc6 14. Nd4 cxd4 15. Rxc6 Nb4 16. Nb7 Qe8 17. Rc7 Qb5 18. Qb3 Rfb8 19. Nd6 Qxe2 20. Rxf7 Nd3 21. Rb7 Rf8 22. Bxd5+ Kh8 23. Bc4 Nxf4 24. Bxe2 Nxe2+ 25. Kg2 Ng4 26. Nf7+ 1-0